• AIU
  • Tony Wilmot Memorial Library

The Semitic languages of Ethiopia; (Record no. 60674)

MARC details
000 -LEADER
fixed length control field 01004cam a22002771 4500
001 - CONTROL NUMBER
control field 10270964
003 - CONTROL NUMBER IDENTIFIER
control field OSt
005 - DATE AND TIME OF LATEST TRANSACTION
control field 20141103100948.0
008 - FIXED-LENGTH DATA ELEMENTS--GENERAL INFORMATION
fixed length control field 751013s1955 enkb b 000 0 eng
010 ## - LIBRARY OF CONGRESS CONTROL NUMBER
LC control number 55058262
015 ## - NATIONAL BIBLIOGRAPHY NUMBER
National bibliography number GB55-2844
035 ## - SYSTEM CONTROL NUMBER
System control number (OCoLC)1699268
040 ## - CATALOGING SOURCE
Original cataloging agency DLC
Transcribing agency CtY
Modifying agency Uk
-- DLC
042 ## - AUTHENTICATION CODE
Authentication code premarc
050 00 - LIBRARY OF CONGRESS CALL NUMBER
Classification number PJ8999
Item number .U4
100 1# - MAIN ENTRY--PERSONAL NAME
Personal name Ullendorff, Edward.
9 (RLIN) 33102
245 14 - TITLE STATEMENT
Title The Semitic languages of Ethiopia;
Remainder of title a comparative phonology.
260 ## - PUBLICATION, DISTRIBUTION, ETC. (IMPRINT)
Place of publication, distribution, etc London,
Name of publisher, distributor, etc Taylor's (Foreign) Press
Date of publication, distribution, etc [1955]
300 ## - PHYSICAL DESCRIPTION
Extent xiv, 273 p.
Other physical details fold. col. map.
Dimensions 23 cm.
504 ## - BIBLIOGRAPHY, ETC. NOTE
Bibliography, etc "Bibliographical notes": p. 233-239.
650 #0 - SUBJECT ADDED ENTRY--TOPICAL TERM
Topical term or geographic name as entry element Ethiopian languages
General subdivision Phonology.
9 (RLIN) 33103
710 2# - ADDED ENTRY--CORPORATE NAME
Corporate name or jurisdiction name as entry element Thomas Leiper Kane Collection (Library of Congress. Hebraic Section)
Institution to which field applies DLC
9 (RLIN) 33104
906 ## - LOCAL DATA ELEMENT F, LDF (RLIN)
a 7
b cbc
c oclcrpl
d u
e ncip
f 19
g y-gencatlg
942 ## - ADDED ENTRY ELEMENTS (KOHA)
Source of classification or shelving scheme Library of Congress Classification
Koha item type Books
Holdings
Withdrawn status Lost status Source of classification or shelving scheme Damaged status Not for loan Collection code Home library Current library Shelving location Date acquired Source of acquisition Cost, normal purchase price Total Checkouts Full call number Barcode Date last seen Copy number Price effective from Koha item type
    Library of Congress Classification     General Circulation AIU/NEGST - Tony Wilmot Memorial Library AIU/NEGST - Tony Wilmot Memorial Library General Stacks 11/03/2014 Donation- Jon Bonk 22.00   PJ 8999.U4 1955 R31290N3232 09/26/2019 1 11/03/2014 Africana collection (General)